Investigation into the educational life style of tribal students studying in the secondary schools of Madhya Pradesh (India) (Record no. 16028)

MARC details
000 -LEADER
fixed length control field 00512nam a2200157Ia 4500
082 ## - DEWEY DECIMAL CLASSIFICATION NUMBER
Classification number TS.0095
100 ## - MAIN ENTRY--AUTHOR NAME
Personal name Sharma, K.R.
245 #0 - TITLE STATEMENT
Title Investigation into the educational life style of tribal students studying in the secondary schools of Madhya Pradesh (India)
260 ## - PUBLICATION, DISTRIBUTION, ETC. (IMPRINT)
Year of publication 1985
Name of publisher University of Mysore
300 ## - PHYSICAL DESCRIPTION
Number of Pages 355p.
650 ## - SUBJECT ADDED ENTRY--TOPICAL TERM
Topical Term TRIBAL STUDENTS - MADHYA PRADESH
650 ## - SUBJECT ADDED ENTRY--TOPICAL TERM
Topical Term STUDENTS///TRIBAL STUDENTS
650 ## - SUBJECT ADDED ENTRY--TOPICAL TERM
Topical Term HIGH SCHOOL STUDENTS - MADHYA PRADESH
710 ## - ADDED ENTRY--CORPORATE NAME
Corporate name or jurisdiction name as entry element Singh, K.T.
942 ## - ADDED ENTRY ELEMENTS (KOHA)
Koha item type Thesis
Source of classification or shelving scheme Dewey Decimal Classification
Holdings
Withdrawn status Lost status Damaged status Not for loan Home library Current library Date acquired Bill Date Full call number Accession Number Price effective from Koha item type
        NASSDOC Library NASSDOC Library 08/10/2004 2004-10-22 TS.0095 29253 18/04/2019 Thesis